Probability and Random Process For Electrical Engineering (Record no. 609055)

000 -LEADER
fixed length control field 00439nam a22001337a 4500
020 ## - INTERNATIONAL STANDARD BOOK NUMBER
International Standard Book Number 9788131709177
040 ## - CATALOGING SOURCE
Transcribing agency nust
082 ## - DEWEY DECIMAL CLASSIFICATION NUMBER
Edition number Second Edition
Classification number 519.202462
Author Mark LEO
100 ## - MAIN ENTRY--PERSONAL NAME
Personal name Garcia- Leon Alberto
9 (RLIN) 122597
245 ## - TITLE STATEMENT
Title Probability and Random Process For Electrical Engineering
260 ## - PUBLICATION, DISTRIBUTION, ETC.
Place of publication, distribution, etc. New Delhi:
Name of publisher, distributor, etc. Pearson Education Inc,
Date of publication, distribution, etc. 1994.
650 ## - SUBJECT ADDED ENTRY--TOPICAL TERM
Topical term or geographic name entry element Probability and Random Process For Electrical Engineering
9 (RLIN) 122598
942 ## - ADDED ENTRY ELEMENTS (KOHA)
Source of classification or shelving scheme
Koha item type Book
Holdings
Withdrawn status Lost status Source of classification or shelving scheme Damaged status Not for loan Permanent Location Current Location Shelving location Date acquired Total Checkouts Total Renewals Full call number Barcode Date last seen Date last checked out Price effective from Koha item type
          College of Electrical & Mechanical Engineering (CEME) College of Electrical & Mechanical Engineering (CEME) General Stacks 05/14/2024 1 1 519.202462 LEO CEME- 40278-A 01/27/2026 11/17/2025 05/14/2024 Book
© 2023 Central Library, National University of Sciences and Technology. All Rights Reserved.